书目信息 |
| 题名: |
水暖工程快速识图技巧
|
|
| 作者: | 郭超 主编 | |
| 分册: | ||
| 出版信息: | 北京 化学工业出版社 2012.09 |
|
| 页数: | 209页 | |
| 开本: | 24cm | |
| 丛书名: | 建筑识图快速训练系列 | |
| 单 册: | ||
| 中图分类: | TU821 , TU832 | |
| 科图分类: | ||
| 主题词: | 采暖设备--cai nuan she bei--建筑安装--识图 , 给排水系统--ji pai shui xi tong--建筑安装--识图 | |
| 电子资源: | ||
| ISBN: | 978-7-122-15077-6 | |
| 000 | 01025nam 2200289 450 | |
| 001 | 127169 | |
| 005 | 20140913081042.48 | |
| 010 | @a978-7-122-15077-6@dCNY 36.00 | |
| 100 | @a20121205d2013 em y0chiy50 ea | |
| 101 | 0 | @achi |
| 102 | @aCN@b110000 | |
| 105 | @aak a 000yy | |
| 200 | 1 | @a水暖工程快速识图技巧@Ashui nuan gong cheng kuai su shi tu ji qiao@f郭超主编@Fguo chao zhu bian |
| 210 | @a北京@c化学工业出版社@d2012.09 | |
| 215 | @a209页@c图@d24cm | |
| 225 | 2 | @a建筑识图快速训练系列@Ajian zhu shi tu kuai su xun lian xi lie |
| 320 | @a有书目 (第209页) | |
| 330 | @a本书内容包括: 水暖工程制图标准、水暖工程识图基础、给水排水工程识图技巧、采暖工程识图技巧。 | |
| 410 | 0 | @12001 @a建筑识图快速训练系列 |
| 540 | @a水暖工程快速识图技巧 | |
| 606 | 0 | @a采暖设备@Acai nuan she bei@x建筑安装@x识图 |
| 606 | 0 | @a给排水系统@Aji pai shui xi tong@x建筑安装@x识图 |
| 690 | @aTU821@v5 | |
| 690 | @aTU832@v5 | |
| 701 | 0 | @a郭超@Aguo chao@4主编 |
| 801 | @aCN@c20140913 | |
| 905 | @a241430@eG786@dTU821@b1094711@f1 | |
| 水暖工程快速识图技巧/郭超主编.-北京:化学工业出版社,2012.09 |
| 209页:图;24cm.-(建筑识图快速训练系列) |
| ISBN 978-7-122-15077-6:CNY 36.00 |
| 本书内容包括: 水暖工程制图标准、水暖工程识图基础、给水排水工程识图技巧、采暖工程识图技巧。 |
| ● |
| 相关链接 |
|
|
|
正题名:水暖工程快速识图技巧
索取号:TU821/G786
 
预约/预借
| 序号 | 登录号 | 条形码 | 馆藏地/架位号 | 状态 | 备注 |
| 1 | 0831394 | 208313948 | 市政与环境工程学院资料室/ [索取号:TU821/G786] | 在馆 | |
| 2 | 0831395 | 208313957 | 市政与环境工程学院资料室/ [索取号:TU821/G786] | 在馆 | |
| 3 | 0831396 | 208313966 | 市政与环境工程学院资料室/ [索取号:TU821/G786] | 在馆 | |
| 4 | 0831397 | 208313975 | 市政与环境工程学院资料室/ [索取号:TU821/G786] | 在馆 | |
| 5 | 0831398 | 208313984 | 市政与环境工程学院资料室/ [索取号:TU821/G786] | 在馆 | |
| 6 | 0831399 | 208313993 | 市政与环境工程学院资料室/ [索取号:TU821/G786] | 在馆 | |
| 7 | 0831400 | 208314000 | 市政与环境工程学院资料室/ [索取号:TU821/G786] | 在馆 | |
| 8 | 0831401 | 208314019 | 市政与环境工程学院资料室/ [索取号:TU821/G786] | 在馆 | |
| 9 | 0831402 | 208314028 | 市政与环境工程学院资料室/ [索取号:TU821/G786] | 在馆 | |
| 10 | 0831403 | 208314037 | 市政与环境工程学院资料室/ [索取号:TU821/G786] | 在馆 |